Ciberderecho: bases estructurales, modelos de regulación e instituciones de gobernanza de Internet

Na minha lista:
Detalhes bibliográficos
Autor principal: Barrio Andrés, Moisés (Autor)
Formato: Livro
Idioma:espanhol
Publicado em: Valencia Tirant Lo Blanch 2018
Edição:1a. ed
Assuntos:
Tags: Adicionar Tag
Sem tags, seja o primeiro a adicionar uma tag!

MARC

LEADER 00000cam a2200000 a 4500
001 UCC6454
003 CL-VaPUC
008 181213e20180000sp |||||||||||||||||spa|d
020 |a 9788491693970 
082 0 4 |a 345.02  |b BAR  |2 21 
100 0 |a Barrio Andrés, Moisés  |e author  |9 600909 
245 1 0 |a Ciberderecho: bases estructurales, modelos de regulación e instituciones de gobernanza de Internet 
250 |a 1a. ed 
300 |a 163 p 
942 |c BK 
945 |d 20181213 14:55:00  |a dcastane 
260 |a Valencia  |b Tirant Lo Blanch  |c 2018 
650 7 |a DERECHO PENAL  |2 CL-VaPUC  |9 11 
650 0 |a Criminología  |9 256168 
650 7 |a INFORMACION PRIVILEGIADA  |2 CL-VaPUC  |9 492914 
650 0 |a Hackers  |9 571374 
583 |a last modification  |c 20181213 14:55:00  |k Rodrigo Vera 
999 |c 373395  |d 373393 
952 |0 0  |1 0  |3 erb  |4 0  |6 345_020000000000000_BAR_2018  |7 0  |8 A  |9 491496  |a BIBDER  |b BIBDER  |i 5522234  |l 3  |m 1  |o 345.02 BAR 2018  |p 5522234  |r 2024-11-27  |s 2024-11-18  |w 2019-11-24  |y BK  |z Catalogado en:20181213  |k DER